Chinese Coastal Cities Map Quiz - Statistics

General Stats
  • This quiz has been taken 122 times
  • The average score is 28 of 53
Answers on the Map
Answers color-coded by a green-red scale on the quiz's map according to % correct below.
 
Answer Stats
Answer % Correct
Dalian 大连
84%
Shanghai 上海
75%
Tianjin 天津
73%
Hong Kong 香港
72%
Dandong 丹东
68%
Guangzhou 广州
68%
Macao 澳門
67%
Hangzhou 杭州
63%
Qingdao 青岛
63%
Shenzhen 深圳
63%
Xiamen 厦门
63%
Suzhou 苏州
59%
Tangshan 唐山
59%
Weihai 威海
58%
Binzhou 滨州
56%
Lianyungang 连云港
56%
Ningbo 宁波
56%
Qinhuangdao 秦皇岛
56%
Yantai 烟台
56%
Nantong 南通
54%
Cangzhou 沧州
53%
Rizhao 日照
53%
Wenzhou 温州
53%
Shaoxing 绍兴
52%
Fuzhou 福州
51%
Shantou 汕头
51%
Weifang 潍坊
51%
Zhanjiang 湛江
51%
Dongguan 东莞
49%
Jiaxing 嘉兴
49%
Yingkou 营口
49%
Zhuhai 珠海
49%
Dongying 东营
48%
Huludao 葫芦岛
48%
Taizhou 台州
48%
Yancheng 盐城
48%
Huizhou 惠州
47%
Maoming 茂名
46%
Panjin 盘锦
46%
Putian 莆田
44%
Zhangzhou 漳州
44%
Zhongshan 中山
44%
Jiangmen 江门
43%
Jinzhou 锦州
43%
Quanzhou 泉州
43%
Ningde 宁德
42%
Shanwei 汕尾
42%
Beihai 北海
41%
Fangchenggang 防城港
41%
Jieyang 揭阳
37%
Chaozhou 潮州
35%
Yangjiang 阳江
35%
Qinzhou 钦州
30%
No matching quizzes found
Score Distribution
Percent of People with Each Score
Percentile by Number Answered
Your Score History
You have not taken this quiz